000 01873cam a2200241 4500
001 L137036
008 070312s2007 xxk f 000 0 eng d
035 _a(Sirsi) u137036
041 0 _aeng
050 0 4 _a690.241 $2 18
110 2 _aEnglish Heritage
_92714
245 0 0 _aPrinciples of selection for designating buildings
_bselection guides
_h[electronic resource]
260 _a[S.l.]
_bEnglish Heritage
_c2007
505 2 _aAgricultural buildings -- Commemorative structures -- Commercial buildings -- Culture and entertainment -- Domestic: introduction -- Domestic (1): vernacular houses -- Domestic (2): town houses -- Domestic (3): suburban and country houses -- Domestic (4): the modern house and housing -- Education -- Garden and park -- Health and welfare -- Industrial -- Law and government -- Maritime and naval -- Military buildings -- Places of worship -- Sport and recreation -- Street furniture -- Transport buildings -- Utilities and communications
520 _aAs part of government's review of heritage protection (L137028) and its commitment to improve understanding of the historic environment, English Heritage has produced a series of selection guides which explain how buildings are assessed for designation. The guides, which cover a number of building types, contain technical information illustrating what features are considered significant and likely to make a building of special architectural or historic interest.
590 _aKA NTK
650 2 4 _aENGLISH HERITAGE SELECTION GUIDES
650 2 4 _aHERITAGE PROTECTION WHITE PAPER 2007
651 4 _aEngland
_y886-
690 _aBUILT ENVIRONMENT-BUILDING TYPES-HISTORIC BUILDINGS AND ANCIENT MONUMENTS-LISTED BUILDINGS
856 4 0 _uhttps://www.english-heritage.org.uk/server/show/nav.8833
_zView the selection guides free of charge at www.english-heritage.org.uk...
942 _n0
999 _c106612
_d106612